Ombres et clairières: histoire de l'implantation de l'eglise catholique dans le diocêse de Sakania, Zaïre, 1910-1970

I tiakina i:
Ngā taipitopito rārangi puna kōrero
Kaituhi matua: Verbeek, Léon (Author)
Hōputu: Pukapuka
Reo:Wīwī
I whakaputaina: Roma LAS 1987
Rangatū:Studi, 4
Ngā marau:
Ngā Tūtohu: Tāpirihia he Tūtohu
Kāore He Tūtohu, Me noho koe te mea tuatahi ki te tūtohu i tēnei pūkete!

MARC

LEADER 00000nam a2200000 a 4500
001 UCM0107
003 CL-VaPUC
008 020108e19870000IT |||||||||||||||||fre|d
082 0 4 |a 276.751  |b VER  |2 21 
100 0 |a Verbeek, Léon  |e author  |9 466772 
245 1 0 |a Ombres et clairières: histoire de l'implantation de l'eglise catholique dans le diocêse de Sakania, Zaïre, 1910-1970 
300 |a 422 p 
942 |c BK 
945 |d 20020108 00:00:00  |a crobeson 
260 |a Roma  |b LAS  |c 1987 
650 7 |a HISTORIA ECLESIASTICA - 1910-1970  |2 CL-VaPUC  |9 466773 
650 7 |a SALESIANOS - HISTORIA  |2 CL-VaPUC  |9 257343 
650 7 |a CONGREGACIONES RELIGIOSAS  |2 CL-VaPUC  |9 398089 
651 7 |a ZAIRE  |2 CL-VaPUC  |9 353716 
651 0 |a África  |9 256790 
583 |a last modification  |c 20020108 00:00:00  |k Rodrigo Vera 
490 0 |a Studi, 4 
999 |c 299161  |d 299159 
952 |0 0  |1 0  |4 0  |6 276_751000000000000_VER_1987  |7 0  |8 A  |9 355364  |a BIBTEO  |b BIBTEO  |d 2019-11-21  |i 378794K  |o 276.751 VER 1987  |p 378794K  |r 2025-01-17  |w 2019-11-21  |y BK  |k ICR